Estudio histórico-crítico del sitio de Cádiz (Record no. 31596)

MARC details
000 -LEADER
campo de control de longitud fija 00764nam a2200217 i 4500
001 - NÚMERO DE CONTROL
campo de control 31596
003 - IDENTIFICADOR DE NÚMERO DE CONTROL
campo de control ES-MaACL
005 - FECHA Y HORA DE LA ÚLTIMA TRANSACCIÓN
campo de control 20240229062720.0
007 - CAMPO FIJO DE DESCRIPCIÓN FÍSICA--INFORMACIÓN GENERAL
campo de control de longitud fija t|
008 - DATOS DE LONGITUD FIJA--INFORMACIÓN GENERAL
campo de control de longitud fija 030129s1913 sp |||| | spa d
080 ## - NÚMERO DE LA CLASIFICACIÓN DECIMAL UNIVERSAL
Número de la Clasificación Decimal Universal 946"1808/14"
100 1# - ENTRADA PRINCIPAL--NOMBRE DE PERSONA
Nombre de persona Belda Carreras, José
9 (RLIN) 27140
245 10 - MENCIÓN DEL TÍTULO
Título Estudio histórico-crítico del sitio de Cádiz
Resto del título : 1810 a 1812 /
Mención de responsabilidad, etc. José Belda Carreras.
260 ## - PUBLICACIÓN, DISTRIBUCIÓN, ETC.
Lugar de publicación, distribución, etc. Madrid :
Nombre del editor, distribuidor, etc. [s.n.],
Fecha de publicación, distribución, etc. 1913 (
Fabricante Tip. de la Revista de archivos, bibliotecas y museos)
300 ## - DESCRIPCIÓN FÍSICA
Extensión 44 p. ;
Dimensiones 24 cm.
504 ## - NOTA DE BIBLIOGRAFÍA, ETC.
Nota de bibliografía, etc. Bibliografía: p. 44.
595 ## -
-- Tirada aparte de: Revista de archivos, bibliotecas y museos.
651 #4 - PUNTO DE ACCESO ADICIONAL DE MATERIA--NOMBRE GEOGRÁFICO
Nombre geográfico España-
Subdivisión general Historia-
Subdivisión cronológica 1808-1814, Guerra de la Independencia
9 (RLIN) 8244
852 ## - LOCALIZACIÓN
Ubicación ES-MaACL
Número de control de estantería T-1361-F-3
Holdings
Estatus retirado Estado de pérdida Estado de daño No para préstamo Colección Biblioteca de origen Biblioteca actual Ubicación en estantería Fecha de adquisición Fuente de adquisición Total de préstamos Signatura topográfica completa Código de barras Visto por última vez Precio de reemplazo Tipo de ítem Koha
        Colección de folletos Biblioteca del Ateneo de Madrid Biblioteca del Ateneo de Madrid Depósito folletos 17/01/2008     T-1361-F-3 1032653 23/02/2023 23/02/2023 Folleto